| 000 | 02319cam a22003371i 4500 | ||
|---|---|---|---|
| 003 | SA-RiAUC | ||
| 005 | 20241011150612.0 | ||
| 008 | 241007s2004 le g 00010dara c | ||
| 040 |
_aSA-RiIMS _bara _cSA-RiAUC _erda |
||
| 082 | 0 | 4 |
_a232 _qSA-RiAUC |
| 090 |
_a232 _bث ب ت |
||
| 245 | 0 | 0 |
_aثبت شمس الدين البابلي، المسمى، منتخب الأسانيد في وصل المصنفات والأجزاء والمسانيد / _cتخريج عيسى بن محمد الثعالبي المغربي المكي. ويليه المربى الكابلي فيمن روى عن الشمس البابلي / أبو الفيض محمد مرتضى الزبيدي ؛ قابله بأصله واعتنى به محمد بن ناصر العجمي. |
| 246 | 3 | 3 | _aمنتخب الأسانيد في وصل المصنفات والأجزاء والمسانيد |
| 250 | _aالطبعة الأولى. | ||
| 264 | 1 |
_aبيروت : _bدار البشائر الإسلامية للطباعة والنشر والتوزيع، _c2004 |
|
| 300 |
_a255 صفحة ؛ _c24 × 17 سم. |
||
| 336 |
_aنص _btxt _2rdacontent _3كتاب |
||
| 337 |
_aبدون وسيط _bn _2rdamedia |
||
| 338 |
_aمجلد _bnc _2rdacarrier |
||
| 490 | 1 |
_aالكتب والأجزاء المقرؤة في جوامع ودور الحديث بدمشق. _aدار الحديث النورية |
|
| 650 | 7 |
_aالحديث _xإسناد _2aucsh |
|
| 650 | 7 |
_aالحديث _xرواية _2aucsh |
|
| 650 | 7 |
_aالحديث _xالمسانيد _2aucsh |
|
| 700 | 1 |
_aعيسى المغربي، عيسى بن محمد بن محمد، _d1020-1080 هجري. _eمخرج أحاديث. |
|
| 700 | 1 | 2 |
_iمع (عمل) : _aشمس الدين البابلي، محمد بن علاء الدين البابلي، _d1000-1077 هجري _tثبت شمس الدين البابلي، المسمى، منتخب الأسانيد في وصل المصنفات والأجزاء والمسانيد. |
| 700 | 1 | 2 |
_iمع (عمل) : _aمرتضى الزبيدي، محمد بن محمد بن محمد، _d1145-1205 هجري |
| 700 | 1 |
_aالعجمي، محمد بن ناصر _eمراجع. |
|
| 830 | 2 |
_aالكتب والأجزاء المقروءة في جوامع ودور الحديث بدمشق. _pدار الحديث النورية |
|
| 942 |
_2ddc _cBOOK _n0 |
||
| 949 |
_aSA-JeALM _d241007 _umohamedma123 _n1 |
||
| 999 |
_c1176 _d1176 |
||